|
|
|
|
| LEADER |
02497nam a2200409 a 4500 |
| 001 |
EBC799381 |
| 003 |
MiAaPQ |
| 005 |
20200520144314.0 |
| 006 |
m o d | |
| 007 |
cr cn||||||||| |
| 008 |
110603s2011 ne sb 001 0 eng d |
| 010 |
|
|
|z 2011022130
|
| 020 |
|
|
|z 9789004210325 (hardback : alk. paper)
|
| 020 |
|
|
|a 9789004210332 (electronic bk.)
|
| 035 |
|
|
|a (MiAaPQ)EBC799381
|
| 035 |
|
|
|a (Au-PeEL)EBL799381
|
| 035 |
|
|
|a (CaPaEBR)ebr10511479
|
| 035 |
|
|
|a (CaONFJC)MIL332687
|
| 035 |
|
|
|a (OCoLC)767806866
|
| 040 |
|
|
|a MiAaPQ
|c MiAaPQ
|d MiAaPQ
|
| 050 |
|
4 |
|a HB501
|b .V37 2011
|
| 082 |
0 |
4 |
|a 330.12/2
|2 23
|
| 100 |
1 |
|
|a Vasapollo, Luciano,
|d 1955-
|
| 245 |
1 |
0 |
|a Crisis of capitalism
|h [electronic resource] :
|b compendium of applied economics (global capitalism) /
|c by Luciano Vasapollo.
|
| 260 |
|
|
|a Leiden ;
|a Boston :
|b Brill,
|c 2011.
|
| 300 |
|
|
|a xi, 372 p.
|
| 490 |
1 |
|
|a Studies in critical social sciences ;
|v 34
|
| 504 |
|
|
|a Includes bibliographical references and index.
|
| 505 |
0 |
|
|a Introduction: economics between science and 'non-science' in the current -- Crisis of the capitalist system -- A critique of basic economic categories -- Economic theory from utopian socialism to marx -- The production process -- Categories and dynamics of the capitalist system and its crises -- The basics of national accounting -- A critique of national accounting -- A critique of economics as applied to the structure of management : the enterprise system and the public administration system -- A critical theory of the enterprise -- The enterprise and the microeconomics of socialism -- Socialist public administration -- A critique of economics as applied to economic systems : regulation and planning -- A critique of the theory of hegemonic liberalism and the paradigms -- Of financialization -- The objectives of the socialist economic model -- A critique of economics as applied to the world-system : open economy and -- Imperialism -- International trade and imperialism.
|
| 533 |
|
|
|a Electronic reproduction. Ann Arbor, MI : ProQuest, 2015. Available via World Wide Web. Access may be limited to ProQuest affiliated libraries.
|
| 650 |
|
0 |
|a Capitalism.
|
| 650 |
|
0 |
|a Economic policy.
|
| 650 |
|
0 |
|a Globalization
|x Economic aspects.
|
| 655 |
|
4 |
|a Electronic books.
|
| 710 |
2 |
|
|a ProQuest (Firm)
|
| 830 |
|
0 |
|a Studies in critical social sciences ;
|v v. 34.
|
| 856 |
4 |
0 |
|u https://ebookcentral.proquest.com/lib/matrademy/detail.action?docID=799381
|z Click to View
|